[Event "Catalunya-ch Seniors"]
[Site "Malgrat del Mar"]
[Date "2023.05.18"]
[Round "5"]
[White "Hueso Moliner, Jorge"]
[Black "Tosan Pereira, Felipe"]
[Result "1/2-1/2"]
[WhiteElo "2017"]
[BlackElo "2088"]
[PlyCount "99"]
[EventDate "2023.05.14"]
[EventType "swiss"]
[EventRounds "8"]
[EventCountry "ESP"]
[SourceTitle "CBM 214 Extra"]
[Source "ChessBase"]
[SourceDate "2023.07.31"]
[SourceVersion "1"]
[SourceVersionDate "2023.07.31"]
[SourceQuality "1"]

1. e4 c5 2. Nf3 g6 3. d4 cxd4 4. Nxd4 Bg7 5. Nc3 Nc6 6. Be3 Nf6 7. Be2 0-0 8. 0-0 d5 9. exd5 Nb4 10. Qd2 Nbxd5 11. Nxd5 Nxd5 12. Bh6 e5 13. Bxg7 Kxg7 14. Rfd1 Nf4 15. Nf3 Qxd2 16. Rxd2 Nxe2+ 17. Rxe2 f6 18. Rd2 Bg4 19. h3 Bxf3 20. gxf3 Rad8 21. Rad1 Rxd2 22. Rxd2 Rf7 23. Kg2 Rc7 24. c3 Kf7 25. Kg3 g5 26. Rd5 Kg6 27. b3 Kf5 28. c4 h5 29. Rd6 Re7 30. b4 Rc7 31. c5 a5 32. a3 axb4 33. axb4 Rc6 34. Rd1 b6 35. cxb6 Rxb6 36. Rb1 h4+ 37. Kg2 Rb5 38. Rb2 Ke6 39. Kf1 Kd5 40. Rd2+ Kc6 41. Rb2 Rd5 42. Ke2 Kb5 43. Ke3 Rd4 44. Rb1 f5 45. Rg1 Rxb4 46. Rxg5 Rf4 47. Rg8 Kc5 48. Rd8 Rd4 49. Rc8+ Kd5 50. Rd8+ 1/2-1/2

[Event "Catalunya-ch U50"]
[Site "Santa Susanna"]
[Date "2022.05.18"]
[Round "4"]
[White "Hueso Moliner, Jorge"]
[Black "Dominguez Rueda, Juan"]
[Result "1-0"]
[WhiteElo "2023"]
[BlackElo "1971"]
[PlyCount "48"]
[EventDate "2022.05.15"]
[EventType "swiss"]
[EventRounds "8"]
[EventCountry "CAT"]
[SourceTitle "EXT 2023"]
[Source "ChessBase"]
[SourceDate "2022.10.05"]
[SourceVersion "1"]
[SourceVersionDate "2022.10.05"]
[SourceQuality "1"]

1. e4 c5 2. Nf3 d6 3. Bb5+ Bd7 4. Bxd7+ Qxd7 5. c4 Qg4 6. 0-0 Qxe4 7. d4 Nd7 8. Re1 Qc6 9. Bf4 0-0-0 10. Nc3 e5 11. Nb5 Qb6 12. dxe5 Nxe5 13. Nxe5 dxe5 14. Qa4 f6 15. Rad1 Bd6 16. Nxd6+ Rxd6 17. Rxd6 Qxd6 18. Rd1 Qe7 19. Bxe5 fxe5 20. Qxa7 Kc7 21. Rd5 Nf6 22. Rxc5+ Kd7 23. Qxb7+ Ke8 24. Rc8+ Kf7 1-0

[Event "Catalunya-ch U50"]
[Site "Santa Susanna"]
[Date "2022.05.16"]
[Round "2"]
[White "Hueso Moliner, Jorge"]
[Black "Colome Rovira, Oscar"]
[Result "1-0"]
[WhiteElo "2023"]
[BlackElo "1735"]
[PlyCount "73"]
[EventDate "2022.05.15"]
[EventType "swiss"]
[EventRounds "8"]
[EventCountry "CAT"]
[SourceTitle "EXT 2023"]
[Source "ChessBase"]
[SourceDate "2022.10.05"]
[SourceVersion "1"]
[SourceVersionDate "2022.10.05"]
[SourceQuality "1"]

1. e4 d5 2. exd5 Qxd5 3. Nc3 Qd6 4. Nf3 Nf6 5. Bc4 Nc6 6. d3 Bg4 7. h3 Bxf3 8. Qxf3 a6 9. Ne4 Qd7 10. 0-0 0-0-0 11. Nxf6 exf6 12. Bb3 Nd4 13. Qd1 Nxb3 14. axb3 Bc5 15. Qf3 Kb8 16. Be3 Bd4 17. Rab1 g5 18. Qe4 f5 19. Qxd4 Qxd4 20. Bxd4 Rxd4 21. Rfe1 h5 22. Re5 h4 23. Rbe1 Rh7 24. Rxf5 g4 25. Re4 Rxe4 26. dxe4 gxh3 27. gxh3 Kc8 28. Kg2 Kd7 29. f4 Ke6 30. Kf3 f6 31. Kg4 Rd7 32. Rd5 f5+ 33. Rxf5 Rd2 34. Rc5 c6 35. Kxh4 Kd6 36. Rc3 Rd4 37. Rd3 1-0

[Event "Catalunya-ch U50"]
[Site "Santa Susanna"]
[Date "2022.05.15"]
[Round "1"]
[White "Valarezo Ricard, Pedro"]
[Black "Hueso Moliner, Jorge"]
[Result "0-1"]
[WhiteElo "1792"]
[BlackElo "2023"]
[PlyCount "152"]
[EventDate "2022.05.15"]
[EventType "swiss"]
[EventRounds "8"]
[EventCountry "CAT"]
[SourceTitle "EXT 2023"]
[Source "ChessBase"]
[SourceDate "2022.10.05"]
[SourceVersion "1"]
[SourceVersionDate "2022.10.05"]
[SourceQuality "1"]

1. d4 Nf6 2. Nf3 d6 3. Bf4 Nbd7 4. Nbd2 c5 5. e3 g6 6. h4 Bg7 7. Be2 a6 8. c3 Qc7 9. Ng5 h6 10. Nde4 Nxe4 11. Nxe4 cxd4 12. exd4 Nf6 13. Nxf6+ Bxf6 14. Qd2 Bg7 15. Bf3 Bd7 16. 0-0-0 Rb8 17. Rde1 b5 18. Bd5 Bc6 19. Bxc6+ Qxc6 20. Qe2 Qc7 21. Rh3 e6 22. Kb1 Rc8 23. Re3 0-0 24. Qd2 Rfe8 25. Rg3 Kh7 26. Qd3 f5 27. Rge3 e5 28. dxe5 dxe5 29. h5 Qf7 30. hxg6+ Qxg6 31. Bxe5 Rcd8 32. Qc2 Bxe5 33. Rxe5 Rf8 34. f4 Rf7 35. Re6 Qg3 36. Re7 Kg8 37. Re8+ Kg7 38. Rxd8 Qxe1+ 39. Rd1 Qe3 40. Qd2 Qe4+ 41. Kc1 Kg6 42. Qf2 Re7 43. Rd6+ Re6 44. Rxe6+ Qxe6 45. Qg3+ Kh7 46. a3 Qe2 47. Qf3 Qxf3 48. gxf3 Kg6 49. Kd2 Kf6 50. b3 Ke6 51. Ke3 Kd5 52. Kd3 a5 53. Ke3 a4 54. bxa4 bxa4 55. Kf2 Kc4 56. Kg3 Kxc3 57. Kh4 Kb3 58. Kh5 Kxa3 59. Kxh6 Kb2 60. Kg5 a3 61. Kxf5 a2 62. Kg6 a1Q 63. f5 Qa8 64. Kf7 Qb7+ 65. Ke6 Qg7 66. f6 Qf8 67. f7 Kc3 68. f4 Kd4 69. f5 Ke4 70. Kf6 Kd5 71. Kg6 Ke5 72. f6 Ke6 73. Kh7 Qxf7+ 74. Kh8 Qxf6+ 75. Kg8 Qe7 76. Kh8 Kf6 0-1

[Event "Catalunya-ch Seniors"]
[Site "Vila Seca"]
[Date "2017.05.28"]
[Round "9"]
[White "Hueso Moliner, Jorge"]
[Black "Valarezo Ricard, Pedro"]
[Result "0-1"]
[WhiteElo "2120"]
[BlackElo "1881"]
[PlyCount "92"]
[EventDate "2017.05.20"]
[EventType "swiss"]
[EventRounds "9"]
[EventCountry "ESP"]
[SourceTitle "CBM 178 Extra"]
[Source "ChessBase"]
[SourceDate "2017.06.22"]
[SourceVersion "1"]
[SourceVersionDate "2017.06.22"]
[SourceQuality "1"]

1. e4 d5 2. exd5 Qxd5 3. Nc3 Qd8 4. d4 Nf6 5. Nf3 Bg4 6. Be2 c6 7. h3 Bf5 8. Bd3 Bxd3 9. Qxd3 e6 10. Bg5 Be7 11. 0-0-0 Nbd7 12. Rhe1 0-0 13. g4 Re8 14. Bxf6 Nxf6 15. Ne5 Bb4 16. Qg3 Bxc3 17. Qxc3 Nd5 18. Qg3 Qc7 19. c4 Ne7 20. Qf3 Ng6 21. Nxg6 hxg6 22. h4 Qa5 23. Kb1 Qb4 24. h5 gxh5 25. gxh5 Rad8 26. Rg1 f5 27. h6 Rd7 28. Rxg7+ Rxg7 29. hxg7 Re7 30. Qh5 Rxg7 31. Qe8+ Qf8 32. Qxe6+ Qf7 33. Qxf7+ Kxf7 34. Kc2 Ke6 35. Re1+ Kd6 36. Re5 Rg5 37. b4 b6 38. Kd2 Rh5 39. a4 a6 40. Ke3 a5 41. bxa5 bxa5 42. Rxa5 f4+ 43. Kxf4 Rxa5 44. Ke4 Rxa4 45. c5+ Ke6 46. f4 Kf6 0-1

[Event "Catalunya-ch Seniors"]
[Site "Vila Seca"]
[Date "2017.05.25"]
[Round "6"]
[White "Mora Amella, Joan"]
[Black "Hueso Moliner, Jorge"]
[Result "1/2-1/2"]
[WhiteElo "1806"]
[BlackElo "2120"]
[PlyCount "31"]
[EventDate "2017.05.20"]
[EventType "swiss"]
[EventRounds "9"]
[EventCountry "ESP"]
[SourceTitle "CBM 178 Extra"]
[Source "ChessBase"]
[SourceDate "2017.06.22"]
[SourceVersion "1"]
[SourceVersionDate "2017.06.22"]
[SourceQuality "1"]

1. c4 c5 2. Nc3 Nc6 3. Nf3 Nf6 4. g3 g6 5. Bg2 Bg7 6. e3 0-0 7. d4 cxd4 8. exd4 d5 9. cxd5 Nxd5 10. 0-0 Nxc3 11. bxc3 Qc7 12. Bf4 e5 13. dxe5 Nxe5 14. Nxe5 Bxe5 15. Bxe5 Qxe5 16. Qb3 1/2-1/2

[Event "Catalunya-ch Seniors"]
[Site "Vila Seca"]
[Date "2017.05.23"]
[Round "4"]
[White "Cerdans Costa, Ferran"]
[Black "Hueso Moliner, Jorge"]
[Result "0-1"]
[WhiteElo "1732"]
[BlackElo "2120"]
[PlyCount "90"]
[EventDate "2017.05.20"]
[EventType "swiss"]
[EventRounds "9"]
[EventCountry "ESP"]
[SourceTitle "CBM 178 Extra"]
[Source "ChessBase"]
[SourceDate "2017.06.22"]
[SourceVersion "1"]
[SourceVersionDate "2017.06.22"]
[SourceQuality "1"]

1. d4 Nf6 2. c4 e6 3. Nc3 d5 4. cxd5 exd5 5. e3 c6 6. Bd3 Bd6 7. Nge2 Nbd7 8. a3 Nf8 9. Qc2 Ne6 10. b4 0-0 11. Bb2 a5 12. b5 c5 13. dxc5 Nxc5 14. Rd1 Be6 15. e4 dxe4 16. Nxe4 Ncxe4 17. Bxe4 Rc8 18. Qd3 Nxe4 19. Qxe4 Qb6 20. Nd4 Rfe8 21. 0-0 Bb3 22. Qg4 Bxd1 23. Rxd1 Be5 24. Nf5 Rcd8 25. Rxd8 Qxd8 26. Bxe5 g6 27. Nh6+ Kf8 28. Qf3 Qc7 29. Bc3 Re5 30. h3 Rxb5 31. g3 Rc5 32. Bd4 Rh5 33. Qf6 Ke8 34. Bb6 Qd7 35. Nxf7 Qxh3 36. Nd6+ Kd7 37. Qd8+ Ke6 38. Qc8+ Kxd6 39. Bc5+ Kd5 40. Qxb7+ Kxc5 41. Qe7+ Kd5 42. Qb7+ Ke6 43. Qe4+ Kf6 44. Qf4+ Ke7 45. Qe4+ Qe6 0-1

[Event "Catalunya-chT Honor"]
[Site "Catalunya"]
[Date "2009.03.01"]
[Round "5"]
[White "Hueso Moliner, Jorge"]
[Black "Rahal, Michael"]
[Result "0-1"]
[WhiteElo "2167"]
[BlackElo "2372"]
[PlyCount "106"]
[EventDate "2009.02.01"]
[EventType "team-tourn"]
[EventRounds "9"]
[EventCountry "ESP"]
[SourceTitle "EXT 2019"]
[Source "ChessBase"]
[SourceDate "2018.10.10"]
[SourceVersion "1"]
[SourceVersionDate "2018.10.10"]
[SourceQuality "1"]
[WhiteTeam "Sant Adria"]
[BlackTeam "Colon Sabadell"]
[WhiteTeamCountry "ESP"]
[BlackTeamCountry "ESP"]

1. e4 e6 2. d4 d5 3. e5 c5 4. c3 Nc6 5. Nf3 Nge7 6. Na3 cxd4 7. cxd4 Nf5 8. Nc2 Qa5+ 9. Bd2 Qb6 10. Bc3 a5 11. Bd3 Nb4 12. Bxb4 Bxb4+ 13. Nxb4 Qxb4+ 14. Qd2 Ne7 15. a3 Qxd2+ 16. Kxd2 a4 17. Rac1 Bd7 18. Rc5 Nc6 19. Bb5 Na5 20. Bxd7+ Kxd7 21. Kd3 b6 22. Rc2 Nc4 23. Rb1 Ra7 24. Nd2 b5 25. Nxc4 bxc4+ 26. Kd2 f6 27. Re1 Rb8 28. Re3 Rb3 29. f4 Rab7 30. Rxb3 Rxb3 31. Kc1 Rd3 32. Rd2 Re3 33. Kc2 Ke7 34. Rf2 h5 35. g3 Kf7 36. Rg2 Kg6 37. g4 hxg4 38. Rxg4+ Kf7 39. Rg2 Rd3 40. Re2 Rxd4 41. Kc3 Rd3+ 42. Kb4 Rb3+ 43. Kxa4 Rb8 44. Ka5 d4 45. a4 d3 46. Rd2 Rxb2 47. Rxb2 c3 48. Rb7+ Kg6 49. exf6 gxf6 50. Rc7 d2 51. Rxc3 d1Q 52. Rg3+ Kf5 53. Ka6 Qxa4+ 0-1

[Event "Catalunya-chT Honor"]
[Site "Catalunya"]
[Date "2009.02.15"]
[Round "3"]
[White "Hueso Moliner, Jorge"]
[Black "Roig Grau, Jesus"]
[Result "0-1"]
[WhiteElo "2167"]
[BlackElo "2170"]
[PlyCount "62"]
[EventDate "2009.02.01"]
[EventType "team-tourn"]
[EventRounds "9"]
[EventCountry "ESP"]
[SourceTitle "EXT 2019"]
[Source "ChessBase"]
[SourceDate "2018.10.10"]
[SourceVersion "1"]
[SourceVersionDate "2018.10.10"]
[SourceQuality "1"]
[WhiteTeam "Sant Adria"]
[BlackTeam "Ateneu Colon"]
[WhiteTeamCountry "ESP"]
[BlackTeamCountry "ESP"]

1. e4 e6 2. d4 d5 3. e5 c5 4. c3 Nc6 5. Nf3 Qb6 6. Be2 Bd7 7. 0-0 f5 8. dxc5 Bxc5 9. b4 Be7 10. a4 Qc7 11. Re1 Nh6 12. Bxh6 gxh6 13. Na3 0-0 14. Nb5 Qb8 15. Bd3 Be8 16. Qd2 Kg7 17. Nbd4 Qc8 18. Bc2 Bh5 19. a5 a6 20. Bb3 Qd7 21. Ba4 Qc8 22. Nxc6 bxc6 23. Nd4 Be8 24. Rab1 c5 25. Bxe8 cxd4 26. Ba4 dxc3 27. Qe3 Rb8 28. Qg3+ Kh8 29. Qe3 Bg5 30. f4 Be7 31. b5 Bc5 0-1

[Event "Catalunya-chT DH"]
[Site "Spain"]
[Date "2004.??.??"]
[Round "5"]
[White "Hueso Moliner, Jorge"]
[Black "Escobar Torres, Antonio"]
[Result "1/2-1/2"]
[WhiteElo "2135"]
[BlackElo "2097"]
[PlyCount "79"]
[EventDate "2004.??.??"]
[EventType "team"]
[EventRounds "9"]
[EventCountry "ESP"]
[SourceTitle "EXT 2007"]
[Source "ChessBase"]
[SourceDate "2006.11.23"]
[SourceVersion "1"]
[SourceVersionDate "2006.11.23"]
[SourceQuality "1"]

1. e4 c5 2. Nf3 d6 3. d4 cxd4 4. Nxd4 Nf6 5. Nc3 a6 6. Be2 g6 7. 0-0 Bg7 8. Be3 0-0 9. Qd2 Nc6 10. f4 Bd7 11. Kh1 b5 12. Bf3 Rc8 13. Nb3 Be6 14. Nd5 Nd7 15. c3 Re8 16. Qf2 a5 17. Nb6 Rb8 18. Nxd7 Qxd7 19. f5 Bc4 20. Rfd1 a4 21. Nc5 Qc8 22. Nd3 Bxd3 23. Rxd3 Ne5 24. Rd5 a3 25. Bd4 axb2 26. Qxb2 gxf5 27. Rxb5 Nxf3 28. gxf3 Bxd4 29. cxd4 Kh8 30. Rg1 Rxb5 31. Qxb5 Rg8 32. Qxf5 Rxg1+ 33. Kxg1 Qc1+ 34. Kg2 Qd2+ 35. Kg3 Qxa2 36. d5 Kg7 37. Qd7 Qa1 38. Qxe7 Qg1+ 39. Kh3 Qf1+ 40. Kg3 1/2-1/2